| 000 | 00670cam a2200193 4500 | ||
|---|---|---|---|
| 999 |
_c535029 _d535029 |
||
| 020 | _a0030865727 | ||
| 082 | 0 | 0 |
_a972/.07/0924 _aB |
| 100 | 1 |
_aHaslip, Joan, _d1912- |
|
| 245 | 1 | 4 |
_aThe crown of Mexico; _bMaximilian and his Empress Carlota. |
| 260 |
_aNew York, _bHolt, Rinehart and Winston _c[1972, c1971] |
||
| 300 |
_aviii, 531 p. _billus. _c22 cm. |
||
| 942 |
_2ddc _cBK |
||
| 504 | _aBibliography: p. 512-516. | ||